En contacto íntimo: cómo relacionarse con uno mismo y con los demás

Saved in:
書目詳細資料
主要作者: Satir, Virginia (Author)
格式: 圖書
語言:西班牙语
出版: Ciudad de México Pax México 2002
版:2a. ed
主題:
標簽: 添加標簽
沒有標簽, 成為第一個標記此記錄!

MARC

LEADER 00000nam a2200000 a 4500
001 UCI9725
003 CL-VaPUC
008 081204e20020000MX |||||||||||||||||spa|d
020 |a 9688606472 
082 0 4 |a 302.3  |b SAT  |2 21 
100 0 |a Satir, Virginia  |e author  |9 533636 
245 1 0 |a En contacto íntimo: cómo relacionarse con uno mismo y con los demás 
250 |a 2a. ed 
300 |a 97 p 
942 |c BK 
945 |d 20081204 00:00:00  |a rbrito 
260 |a Ciudad de México  |b Pax México  |c 2002 
650 0 |a Relaciones humanas  |9 307340 
650 0 |a Desarrollo Personal  |9 390751 
650 0 |a Interacción social   |9 307764 
650 0 |a Dinámica de grupos   |9 259862 
583 |a last modification  |c 20081204 00:00:00  |k Rodrigo Vera 
999 |c 332207  |d 332205 
952 |0 0  |1 0  |4 0  |6 302_300000000000000_SAT_2002  |7 0  |8 A  |9 419691  |a BIBEDU  |b BIBEDU  |d 2019-11-22  |i 4502515  |o 302.3 SAT 2002  |p 4502515  |r 2019-11-22  |w 2019-11-22  |y BK  |k EPE